[Event "Sao Jose dos Campos op 3rd"]
[Site "Sao Jose dos Campos"]
[Date "2021.08.21"]
[Round "1"]
[White "Manes, Paulo Roberto Mathi"]
[Black "Pinto, Ana Vitoria de Jesu"]
[Result "0-1"]
[WhiteElo "1800"]
[BlackElo "1637"]
[PlyCount "86"]
[EventDate "2021.08.21"]
[EventType "swiss"]
[EventRounds "5"]
[EventCountry "BRA"]
[SourceTitle "CBM 204 Extra"]
[Source "ChessBase"]
[SourceDate "2021.11.30"]
[SourceVersion "1"]
[SourceVersionDate "2021.11.30"]
[SourceQuality "1"]

1. d4 Nf6 2. Bf4 d5 3. e3 e6 4. Nd2 c5 5. Ngf3 Nc6 6. c3 c4 7. Be2 Be7 8. a4 a6 9. Qc2 0-0 10. Ne5 Nxe5 11. dxe5 Nd7 12. e4 Bg5 13. g3 Bxf4 14. gxf4 Qh4 15. exd5 exd5 16. Qf5 g6 17. Nf3 Qh6 18. Rg1 Kh8 19. Qg5 Qxg5 20. Nxg5 h6 21. Nxf7+ Rxf7 22. Rxg6 Kh7 23. Bh5 Re7 24. Rd6 Nxe5 25. 0-0-0 Nd3+ 26. Kc2 Nxf4 27. Bf3 Bf5+ 28. Kd2 Be6 29. Kc1 Nd3+ 30. Kb1 Nxf2 31. Rg1 Ne4 32. Bxe4+ dxe4 33. Rd4 Bf5 34. Rxc4 Rd8 35. Kc1 e3 36. Re1 e2 37. Rd4 Rxd4 38. cxd4 Bg4 39. Kd2 Rf7 40. Ke3 h5 41. b4 h4 42. h3 Bxh3 43. Rxe2 Re7+ 0-1